Regements english worbook

Сохранить в:
Библиографические подробности
Главный автор: Dixson, Robert
Формат:
Язык:Undetermined
Опубликовано: New York, Estados Unidos Simon and Schuster 1956
Предметы:
Метки: Добавить метку
Нет меток, Требуется 1-ая метка записи!

MARC

LEADER 00000nam a2200000Ia 4500
008 170316s9999 xx 000 0 und d
090 |a 415-I D-7r 
100 |a Dixson, Robert 
245 |a Regements english worbook 
260 |a New York, Estados Unidos 
260 |b Simon and Schuster 
260 |c 1956 
300 |a 134 páginas 
650 |a GRAMÁTICA INGLESA 
999 |c 19347  |d 19347 
040 |a cru BVZT 
942 |c 15 D  |h 415-I D-7r  |2 z